000 01196nam a2200337 a 4500
001 000007116
003 DO-SdBPM
005 20260310083452.0
007 ta
008 090904t1988 dr ad 001 0 spa d
040 _aDO-SdBPM
_bspa
_cBPMSU
_erda
082 0 4 _a338.17361
_bL358s 1988
_222
100 1 _aLatorre, Eduardo,
_d1941-2003
_eautor
_4aut.
245 1 0 _aSobre azúcar /
_cEduardo Latorre.
264 _aSanto Domingo :
_bINTEC,
_c1988.
300 _a190 páginas :
_bilustraciones . , gráficos , tablas. ;
_c23 cm.
336 _atexto
_btxt
_2rdacontent
337 _asin mediación
_bn
_2rdamedia
338 _avolumen
_bnc
_2rdacarrier
500 _aIncluye referencias bibliográficas y notas al pie de las páginas.
504 _aBibliográfía : páginas189-190.
590 _aInventariado, 2026/VM
650 7 _aAzúcar
_xComercio
_zAmérica Latina
_vEnsayos, conferencias, etc.
650 7 _aAzúcar
_xAspectos económicos
_yRepública Dominicana
710 2 _aInstituto Tecnológico de Santo Domingo
710 z _aINTEC
710 z _aI.N.T.E.C.
710 z _aInstituto Tecnológico Santo Domingo
910 _aVMateo V. Control de calidad BPMSU
942 _2ddc
_cBK
999 _c15748
_d15748